000 00941 a2200229 4500
005 20260312165337.0
008 260312b |||||||| |||| 00| 0 eng d
020 _a9789392380372 (hbk)
037 _cTB
040 _aCRL
_cCRL
041 _2hin
_ahin
084 _aP152:g R6
_qCRL
100 _aउपाध्याय, अयोध्या सिंह 'हरिऔध'
_9861903
245 _aहिन्दी भाषा और साहित्य का विकास
260 _aदिल्ली, भारत:
_bअनन्य प्रकाशन,
_c2026.
300 _a480पृ.
365 _bINR 850.00
650 _aभाषा विज्ञान
650 _aहिन्दी साहित्य
942 _cTB
_2CC
_hP152:g R6
999 _c1466896
_d1466896